Developing communication skills (Record no. 5506)

MARC details
000 -LEADER
fixed length control field 00648cam a2200241ua 4500
008 - FIXED-LENGTH DATA ELEMENTS--GENERAL INFORMATION
fixed length control field 160614n ii |||gr||||Z||||||eng
020 ## - INTERNATIONAL STANDARD BOOK NUMBER
International Standard Book Number 978-0333-92919-3
040 ## - CATALOGING SOURCE
Transcribing agency MAIN
041 ## - LANGUAGE CODE
-- eng
082 ## - DEWEY DECIMAL CLASSIFICATION NUMBER
Classification number 302.2
100 ## - MAIN ENTRY--PERSONAL NAME
Personal name Mohan,Krishna,
Relator term
100 ## - MAIN ENTRY--PERSONAL NAME
Personal name Banerji,Meera,
Relator term
245 ## - TITLE STATEMENT
Title Developing communication skills
Statement of responsibility, etc. By Krishna mohan
250 ## - EDITION STATEMENT
Edition statement 1st ed/ rep.
260 ## - PUBLICATION, DISTRIBUTION, ETC.
Place of publication, distribution, etc. New delhi:
Name of publisher, distributor, etc. Macmillan India ltd.,
Date of publication, distribution, etc. 2007.
300 ## - PHYSICAL DESCRIPTION
Extent xv,291p.
700 ## - ADDED ENTRY--PERSONAL NAME
Personal name Mohan,Krishna,
Relator term
700 ## - ADDED ENTRY--PERSONAL NAME
Personal name Banerji,Meera,
Relator term
942 ## - ADDED ENTRY ELEMENTS (KOHA)
Koha item type Books
653 ## - INDEX TERM--UNCONTROLLED
Uncontrolled term Social interaction
653 ## - INDEX TERM--UNCONTROLLED
Uncontrolled term Communication skills
Holdings
Withdrawn status Lost status Damaged status Not for loan Home library Current library Shelving location Date acquired Total Checkouts Full call number Barcode Date last seen Copy number Price effective from Koha item type
        Central Library, Naharkatiya College Central Library, Naharkatiya College General Stacks 19/09/2020   302.2English text | MOH 17267 19/09/2020 3 19/09/2020 Books
        Central Library, Naharkatiya College Central Library, Naharkatiya College General Stacks 19/09/2020   302.2English text | MOH 17268 19/09/2020 1 19/09/2020 Books
        Central Library, Naharkatiya College Central Library, Naharkatiya College General Stacks 19/09/2020   302.2English text | MOH 17269 19/09/2020 2 19/09/2020 Books
        Central Library, Naharkatiya College Central Library, Naharkatiya College General Stacks 19/09/2020   302.2English text | MOH 19196 19/09/2020 4 19/09/2020 Books

Naharkatiya College © 2020. All rights reserved.

Powered By